Central Library OPAC University of Rajshahi

নীল-দর্পণ / (Record no. 48684)

MARC details
000 -LEADER
fixed length control field 00830nam a22002417a 4500
001 - CONTROL NUMBER
control field 48684
003 - CONTROL NUMBER IDENTIFIER
rucl marc code BD-RjUL
005 - DATE AND TIME OF LATEST TRANSACTION
control field 20211209054552.0
008 - FIXED-LENGTH DATA ELEMENTS--GENERAL INFORMATION
fixed length control field 160816s2003 bg ||||| |||| 00| 0 ben d
020 ## - INTERNATIONAL STANDARD BOOK NUMBER
International Standard Book Number 9844151570
Terms of availability : TK 90.00
035 ## - SYSTEM CONTROL NUMBER
System control number (BD-RjUL)48803
040 ## - CATALOGING SOURCE
Original cataloging agency BD-RjUL
Language of cataloging ben
Transcribing agency BD-RjUL
041 ## - LANGUAGE CODE
Language code of text/sound track or separate title ben
082 ## - DEWEY DECIMAL CLASSIFICATION NUMBER
Edition number 23
Classification number 891.422
Author mark and year DIN 2003
100 ## - MAIN ENTRY--PERSONAL NAME
Personal name মিত্র, দীনবন্ধু
9 (RLIN) 146956
245 10 - TITLE STATEMENT
Title নীল-দর্পণ /
Statement of responsibility, etc. দীনবন্ধু মিত্র
260 ## - PUBLICATION, DISTRIBUTION, ETC. (IMPRINT)
Place of publication, distribution, etc. ঢাকা :
Name of publisher, distributor, etc. অবসর,
Date of publication, distribution, etc. ২০০৩
300 ## - PHYSICAL DESCRIPTION
Pagination [৭৪], ৬৯ পৃ. ;
Size ২১ সেমি.
650 ## - SUBJECT ADDED ENTRY--TOPICAL TERM
Topical term or geographic name as entry element বাংলা নাটক
9 (RLIN) 146957
Topical term or geographic name as entry element Bengali Drama
9 (RLIN) 146958
700 ## - ADDED ENTRY--PERSONAL NAME
Personal name হক, সিরাজুল, সম্পাদক
942 ## - ADDED ENTRY ELEMENTS (KOHA)
Source of classification or shelving scheme Dewey Decimal Classification
Koha item type Books
Holdings
Lost status Source of classification or shelving scheme Damaged status Not for loan Collection code Permanent Location Current Location Shelving location Date acquired Source of acquisition Cost, normal purchase price Total Checkouts Full call number Date last seen Date checked out Copy number Koha item type
  Dewey Decimal Classification     Non-fiction Central Library, University of Rajshahi Central Library, University of Rajshahi   04/07/2005 Bangla bivag, R.U. 90.00 9 B 891.442 DIN 2003 11/03/2024 19/02/2024 C-2 Books